000 00692nam a22001937a 4500
001 BD-DhSAU 1039
003 BD-DhSAU
005 20150627125014.0
008 150624b2005 bg ||||r|||| 000 0 ben d
040 _aBD-DhSAU
082 _222
_a---
_bরুবাউ
100 _aরুবাইয়াৎ, ইবনে সালাম
245 _aউস্তাদসংগী পানপেয়ালা /
_cইবনে সামাল রুবাইয়াৎ
260 _aঢাকা :
_bজীবন্তিকা,
_c২০০৫.
300 _a৪৮ পৃ. :
_c২১ সেমি
590 _ajoy
650 _aইসলামিক কবিতা
942 _2ddc
_cBOOK
999 _c10396
_d10395